[Event "Sautron op 13th"]
[Site "Sautron"]
[Date "2013.10.??"]
[Round "5"]
[White "Tessier, Victor"]
[Black "Caderon, Michel"]
[Result "0-1"]
[WhiteElo "1582"]
[BlackElo "2010"]
[PlyCount "43"]
[EventDate "2013.10.26"]
[EventType "swiss"]
[EventRounds "9"]
[EventCountry "FRA"]
[SourceTitle "EXT 2016"]
[Source "ChessBase"]
[SourceDate "2015.10.08"]
[SourceVersion "1"]
[SourceVersionDate "2015.10.08"]
[SourceQuality "1"]

1. d4 Nf6 2. c4 g6 3. Nc3 Bg7 4. e4 d6 5. Nf3 0-0 6. Be2 e5 7. Be3 exd4 8. Nxd4 Re8 9. f3 Nc6 10. 0-0 h6 11. Qd2 Kh7 12. Rad1 Ne5 13. Qc1 c6 14. Rfe1 Qe7 15. Bf2 Rd8 16. Nb3 Be6 17. c5 Bxb3 18. cxd6 Rxd6 19. axb3 g5 20. Rxd6 Qxd6 21. Rd1 Qb4 22. Qc2 0-1

[Event "FRA-ch U12"]
[Site "Nimes"]
[Date "2012.04.19"]
[Round "7"]
[White "Dodart, Guillaume"]
[Black "Tessier, Victor"]
[Result "1-0"]
[WhiteElo "1632"]
[BlackElo "1655"]
[PlyCount "65"]
[EventDate "2012.04.14"]
[EventType "swiss"]
[EventRounds "9"]
[EventCountry "FRA"]
[SourceTitle "CBM 148 Extra"]
[Source "ChessBase"]
[SourceDate "2012.06.22"]
[SourceVersion "1"]
[SourceVersionDate "2012.06.22"]
[SourceQuality "1"]

1. e4 c5 2. Nf3 d6 3. c3 Nf6 4. Be2 Nxe4 5. Qa4+ Bd7 6. Qxe4 Nc6 7. 0-0 e6 8. d4 cxd4 9. Nxd4 Nxd4 10. Qxd4 Qc7 11. Be3 e5 12. Qd2 Be7 13. c4 0-0 14. Nc3 Be6 15. Nd5 Bxd5 16. Qxd5 Rac8 17. Rad1 Rfd8 18. Kh1 a6 19. b3 h6 20. f4 Bf6 21. f5 Be7 22. Qe4 Bf6 23. Qg4 Kh8 24. Bf3 Qe7 25. Bd5 Rb8 26. Rf3 Rf8 27. Rh3 Rfd8 28. Bxh6 Kg8 29. Rg3 Qf8 30. Qg6 Kh8 31. Bxf7 Rd7 32. Rh3 Rxf7 33. Bxg7+ 1-0